000 00514cam a22001337a 4500
008 180718b2002 xxu||||| |||| 00| 0 eng d
100 _aAdams, Richard H.
245 _aPrecautionary saving from different sources of income: evidence from rural Pakistan
_cby Richard H. Adams
260 _aWashington, D.C.
_bWorld Bank
_c2002
300 _a23p.
440 _aPolicy research working paper 2761
650 _aSaving and investment --Pakistan --Mathematical models
650 _aIncome --Pakistan --Mathematical models
999 _c287323
_d287323